1449 1030 1843 1509 1112 1795 1053 1234 1201 1474 1207 1833 1180 1568 1333 1397 1225 1559 1168 1231 1812 1561 1314 1317 1163 1524 1279 1694 1312 1945 1454 1427 1770 1748 1054 1217 1005 1730 1573 1837 1838 1107 1716 1577 1062 1674 1864 1195 1087 1571 1923 1007 1567 1248 1785 1877 1445 1739 1784 1190 1837 1363 1966 1333 1501 1194 1692 1352 1939 1399 1686 1344 1258 1292 1399 1890 1346 1936 1811 1365 1172 1736 1760 1123 1688 1421 1797 1504 1850 1098 1278 1483 1239 1937 1688 1362 1861 1725 1185 BCNSPRNW ULIB Ver.6.0+V

เปลี่ยนเป็นภาษาไทย

Change to English
 แสดงรายละเอียดบรรณานุกรม
  กลับหน้าหลัก

Brief Record : Get Marc (ISO 2709) : E-mail record : QR code < ปิดหน้าต่าง
LEADER : 00000nam 2200000uu 4500
001    13399108658
003     ULIB
008    110311s2551||||th 000 0 tha d
020    9789741315888
060 04 WA100^bฐ199ค 2551?
100 0  ฐานเอก ชยธวัช
245 10 เคล็ดลับสุดยอดเพื่อสุขภาพที่ดี /^cโดย ฐานเอก ชยธวัช
250    พิมพ์ครั้งที่ 1
260    กรุงเทพฯ :^bซี.พี.บุ๊ค แสตนดาร์ด,^c2551
300    240 หน้า :^bภาพประกอบ ;^c21 ซม.
650  7 สุขภาพ
650  7 สุขภาพ^xการดูแล^vรวมเรื่อง
945    ^p180^l0^i15249
995    เกษร
999 ^a ใช้งานได้ทุกระบบ
รายการนี้ยังไม่มีแท็ก
คุณยังไม่ได้ล็อกอิน คุณสามารถมีกิจกรรมร่วมกับเว็บไซต์ได้ แต่ต้องล็อกอินก่อน ::
  ล็อกอิน

รายการสื่อสารสนเทศ

ลำดับที่ ประเภท เลขเรียก/บาร์โค้ด สถานที่ สถานะ
1. วิทยาศาสตร์การแพทย์ และสุขภาพ
วิทยาศาสตร์การแพทย์ และสุขภาพ
WA100 ฐ199ค 2551?  
  Barcode: 15249
ห้องสมุดวิทยาเขตสวรรค์ประชารักษ์
►หนังสือทั่วไป
บนชั้น

รายการใกล้เคียง
    หัวเรื่อง [สุขภาพ]

BibComment


ยังไม่เคยถูกคอมเมนท์

คอมเมนท์ทรัพยากรรายการนี้
  คอมเมนท์: เคล็ดลับสุดยอดเพื..


 Copyright 2026. Bcnsprnw @Library